00550cam a22001571 450000100060000010000410000610100080004710200070005520000790006221000430014121500280018422501120021267500100032470000420033480100160037645519 a19940104d1945 m y0pory5003 ba0 apor aPT1 aOs derivados do leite na alimentacão e na indústriafF. Vieira de Sá 9aLisboacEdições Cosmos,dimp. 1945 a132, [4] p.cil.d19 cm2 aBiblioteca Cosmosv88h7.ª seccão.iProblemas do nosso tempo. Produção Animal na Civilizaçãov12 a637.1 1aSá,bFernando Vieira de,f1914-2015 0aPTbBNgRPC